000 00667 a2200205 4500
010 _aENG-88905
020 _c500.00
_a9788189239312
035 _aEN-72438
037 _bDBAD / PUB
082 1 4 _a954.09
090 _c9646
_d9646
100 1 _aGohit, Rajiv Kumar
245 1 _aContemporary history of India /
_cby Rajiv Kumar Gohit
260 _aNew Delhi
_bMurari Lal & Sons
_c2007
270 _a4378/4B, Ansari Road, Darya Ganj,
_bNew Delhi
_e110 002
300 _av, 248p. :
_c22cm (Hb)
500 _aIncludes index
942 _adpl
_cEN
_k954.09 / GOH
999 _c9471
_d9471